000 01576cam a2200325 i 4500
999 _c1780
_d1780
001 005694769
003 OCoLC
005 20230127103342.0
008 150204t20162015enk j 000 f eng d
015 _aGBB544394
_2bnb
020 _a9780141351858
_q(paperback)
035 _a(OCoLC)913788197
040 _aNLE
_beng
_erda
_cNLE
_dOCLCO
_dWC4
_dOCLCO
_dTHN
_dOCLCQ
_dOCLCF
_dOCLCO
_dKH8
042 _anbic
082 _a823.92 CAS
100 1 _aCassidy, Cathy,
_d1962-
_eauthor.
245 1 0 _aFortune cookie :
_bthe chocolate box boy /
_cCathy Cassidy.
264 1 _a[London] :
_bPuffin,
_c2016.©2015.
264 4 _c©2015.
300 _a239 pages ;
_c22 cm.
336 _atext
_btxt
_2rdacontent.
337 _aunmediated
_bn
_2rdamedia.
338 _avolume
_bnc
_2rdacarrier.
490 1 _aThe chocolate box girls.
520 _a"Jake Cooke has just had the surprise of his life. He already knew he had a no-good dad but now he's got four half-sisters that he never knew existed. When Jake's talent for trouble causes chaos at home, he runs away to meet his new family. Life in a rundown flat in Chinatown is a far cry from Tanglewood where the days were filled with picnics, beach parties and chocolate festivals. It's already starting to feel like home. But Jake's about to realize he can only escape his future for so long. However far you go, you can't outrun destiny ..."--Jacket flap.
650 0 _aBrothers and sisters
_vJuvenile fiction.
650 1 _aBrothers and sisters
_vFiction.
800 1 _aCassidy, Cathy,
_d1962-
_tChocolate box girls.
942 _2ddc
_cNFIC